书目信息 |
| 题名: |
社会公正论——当代青年的新道德观
|
|
| 作者: | 程立显 著 | |
| 分册: | ||
| 出版信息: | 北京 北京大学出版社 1998 |
|
| 页数: | 183页 | |
| 开本: | 20cm | |
| 丛书名: | 北京大学德育丛书 | |
| 单 册: | ||
| 中图分类: | D4 | |
| 科图分类: | ||
| 主题词: | 农民运动 , 农艺组织 , 青年运动 , 青年组织 , 妇女运动 , 工人运动 , 工人群众组织 , 妇女组织 | |
| 电子资源: | ||
| ISBN: | 7-301-03740-6 | |
| 000 | 00813nam0 2200289 450 | |
| 001 | 0732828906 | |
| 005 | 20070903090708.90 | |
| 010 | @a7-301-03740-6@d¥9.50 | |
| 100 | @a20070903d km y0chiy0120 ea | |
| 101 | 0 | @achi |
| 200 | 1 | @a社会公正论——当代青年的新道德观@Ashe hui gong zheng lun——dang dai qing nian de xin dao de guan@f程立显著@Fcheng li xian zhu |
| 210 | @a北京@c北京大学出版社@d1998 | |
| 215 | @a183页@d20cm | |
| 225 | 2 | @a北京大学德育丛书 |
| 410 | 0 | @12001 @a北京大学德育丛书 |
| 606 | 0 | @a农民运动 |
| 606 | 0 | @a农艺组织 |
| 606 | 0 | @a青年运动 |
| 606 | 0 | @a青年组织 |
| 606 | 0 | @a妇女运动 |
| 606 | 0 | @a工人运动 |
| 606 | 0 | @a工人群众组织 |
| 606 | 0 | @a妇女组织 |
| 690 | @aD4@v3 | |
| 701 | 0 | @a程立显@Acheng li xian@4著 |
| 801 | 0 | @aCN@bPFT@c20070903 |
| 905 | @a213230@dD4@eS2@f1 | |
| 社会公正论——当代青年的新道德观/程立显著.-北京:北京大学出版社,1998 |
| 183页;20cm.-(北京大学德育丛书) |
| ISBN 7-301-03740-6:¥9.50 |
| ● |
| 相关链接 |
|
|
|
|
正题名:社会公正论——当代青年的新道德观
索取号:D4/S2
 
预约/预借
| 序号 | 登录号 | 条形码 | 馆藏地/架位号 | 状态 | 备注 |
| 1 | 6703186 | 267031865 | 密集书库-数信学院/ [索取号:D4/S2] | 在馆 |